| 000 | 00748nam a2200253Ia 4500 | ||
|---|---|---|---|
| 003 | OSt | ||
| 005 | 20220918223802.0 | ||
| 006 | a|||||r|||| 00| 0 | ||
| 007 | ta | ||
| 008 | 220917b |||||||| |||| 00| 0 eng d | ||
| 024 | _a225,115 | ||
| 037 | _cTextual | ||
| 040 |
_aARTS _cARTS _beng |
||
| 041 |
_2eng _aeng |
||
| 082 | _aS1:7, P5 | ||
| 100 |
_aEllis Bruce J. Ed. _9146636 |
||
| 245 | 0 |
_aOrigins of the social mind _b Evolutionary psychology and child development |
|
| 260 |
_aNew York _bThe Guilford Press _c2005 |
||
| 300 |
_axv, 540p. _ccm. |
||
| 650 | _aPSYCHOLOGY | ||
| 700 |
_a Bjorklund David F. Ed. _9146637 |
||
| 942 |
_hS1:7, P5 _cTEXL _2CC |
||
| 999 |
_c279458 _d279458 |
||